[Event "URU-ch Semi Final 2020"]
[Site "Montevideo"]
[Date "2020.02.24"]
[Round "6.6"]
[White "Avedisian, Alexander"]
[Black "Izquierdo, Daniel"]
[Result "1/2-1/2"]
[WhiteElo "1892"]
[BlackElo "2134"]
[Annotator "TA"]
[PlyCount "39"]
[EventDate "2020.02.22"]
[EventType "swiss"]
[EventCountry "URU"]
[SourceTitle "playchess.com"]
[Source "ChessBase"]
[SourceQuality "1"]

{[%evp 9,39,-16,-12,4,15,15,24,15,21,15,76,16,32,-8,108,118,197,191,181,197,177,202,265,260,262,250,259,0,186,0,245,0]} 1. g3 g6 2. Bg2 Bg7 3. Nf3 c5 4. O-O Nc6 5. c3 e5 6. d4 {A04: Unusual lines after 1 Nf3 and King's Indian Attack.} exd4 7. cxd4 cxd4 8. Na3 {[%cal Bb1a3,Ba3b5,Bb5d6][%mdl 32] White has an edge.} Nge7 9. Nb5 {Black must now prevent Nd6+.} Nf5 (9... O-O $11) 10. Bf4 ({White should play} 10. g4 $1 $16 {[%cal Rg4f5]} a6 11. Bg5 (11. gxf5 axb5 12. Bg5 Bf6 $11)) 10... d6 11. g4 {[#]} Qb6 $146 (11... a6 $11 {remains equal.}) ({Predecessor:} 11... a6 12. Qa4 axb5 13. Qxa8 Nfe7 14. e3 dxe3 15. Qa3 exf2+ 16. Rxf2 b4 17. Qd3 d5 {0-1 (50) Berkovich,M (2413)-Landa,K (2641) Israel 2008}) 12. Qb3 ({But not} 12. gxf5 $6 Qxb5 13. fxg6 hxg6 $11) (12. Nxd6+ $6 Nxd6 13. Bxd6 Bxg4 $15) 12... Be6 (12... Na5 $16 {is a better defense.} 13. Qb4 (13. Qd3 O-O $14) 13... Nc6) 13. Qa4 $18 Nfe7 14. Nxd6+ Kf8 {[#]} 15. Ng5 $1 h6 16. Nxe6+ fxe6 17. Qc4 Nd8 {White should prevent ...e5.} 18. Qa4 {[%csl Gd6][%cal Ra4e8]} Ndc6 19. Qc4 (19. Rac1 $142) 19... Nd8 $1 {[#] next ...e5 is good for Black.} 20. Qa4 $2 {Accuracy: White = 72%, Black = 49%.} (20. Bg3 $1 $18) 1/2-1/2

[Event "URU-ch Semi Final 2020"]
[Site "Montevideo"]
[Date "2020.02.24"]
[Round "6.7"]
[White "Michailov, Matias"]
[Black "Soto, Nicolas"]
[Result "1-0"]
[WhiteElo "2262"]
[BlackElo "2002"]
[Annotator "TA"]
[PlyCount "99"]
[EventDate "2020.02.22"]
[EventType "swiss"]
[EventCountry "URU"]
[SourceTitle "playchess.com"]
[Source "ChessBase"]
[SourceQuality "1"]

{[%evp 9,99,10,22,20,29,20,40,40,50,32,37,43,35,30,41,59,76,71,81,98,82,61,63,41,49,47,66,67,69,70,71,71,52,22,20,19,14,0,6,-20,-22,-36,0,-23,25,14,28,12,33,21,26,20,29,23,44,25,35,16,18,0,0,0,56,54,44,0,54,39,83,86,89,79,90,91,90,90,103,85,87,79,72,10,87,96,144,89,160,158,491,402,1238,1093]} 1. d4 d5 2. Nf3 Nf6 3. Bg5 Ne4 4. Bf4 c6 5. c3 Nd7 6. e3 {D03: 1 d4 d5 2 Nf3 Nf6 3 Bg5, including Torre Attack with early ...d5.} g6 7. Bd3 {[#]} Nef6 $146 ({Predecessor:} 7... Ndf6 8. h3 Bg7 9. Bh2 Bd7 10. Ne5 Qb6 11. Qc2 Nd6 12. g4 Be6 13. a4 Nc4 {1-0 (42) Schumacher,H-Vandamme,F Ostend 1967}) 8. h3 {White is slightly better.} Bg7 9. O-O O-O 10. Nbd2 Re8 11. Re1 c5 12. a4 a6 13. a5 b6 14. axb6 Qxb6 15. Qa4 Bb7 16. Reb1 Rec8 17. Qa5 Qc6 18. b4 c4 19. Bc2 Qb5 20. Ba4 Qb6 21. Bxd7 Nxd7 22. Qxb6 Nxb6 23. g4 Bc6 24. Kg2 f6 25. g5 Kf7 (25... a5 $5) 26. h4 Nd7 27. Bg3 Nb6 28. Ra3 Bb5 (28... a5 $5) 29. Nf1 {[%cal Bd2f1,Bf1h2,Bh2g4][%mdl 32]} Rc6 30. N1h2 Nd7 31. Ng4 Re8 32. Rh1 Rcc8 33. Raa1 Nb6 34. Nd2 Na4 35. Ra3 Nb6 (35... Nb2 $11) 36. f3 $14 Nd7 37. e4 e6 (37... f5 $1 $11 38. exf5 gxf5) 38. Ne3 Nb6 39. gxf6 Bxf6 40. Ng4 Bg7 41. h5 Nd7 42. Raa1 g5 43. h6 Bf6 44. Rhe1 Bh8 45. Ra2 (45. e5 $16) 45... Bf6 (45... e5 $11 {remains equal.}) 46. Nf1 $36 {[%mdl 2048] Black is under strong pressure.} Bd8 47. Nfe3 (47. exd5 $142 {Strongly threatening Rae2.} exd5 48. Rxe8 Kxe8 49. Nfe3) 47... Nb6 (47... dxe4 $142 48. fxe4 Be7) 48. Bd6 dxe4 $2 {[#]} (48... Nd7 $16 49. Rg1 Rc6) 49. fxe4 $18 Bc7 (49... Kg8 $142 50. Ne5 Bc7) 50. Rf2+ {Accuracy: White = 90%, Black = 67%.} 1-0

[Event "URU-ch Semi Final 2020"]
[Site "Montevideo"]
[Date "2020.02.24"]
[Round "6.8"]
[White "Salguero, Rafael"]
[Black "Granara Barreto, Sebastian"]
[Result "0-1"]
[WhiteElo "1906"]
[BlackElo "2132"]
[Annotator "TA"]
[PlyCount "92"]
[EventDate "2020.02.22"]
[EventType "swiss"]
[EventCountry "URU"]
[SourceTitle "playchess.com"]
[Source "ChessBase"]
[SourceQuality "1"]

{[%evp 18,92,0,-11,22,12,4,-22,-6,-24,-16,-24,-29,-51,-21,-59,-48,-118,-115,-143,-138,-154,-147,-179,-117,-122,-116,-114,83,83,83,84,83,83,84,84,101,60,89,89,94,0,112,-186,-203,-12839,-12839,-29981,-29982,-29981,-29982,-29980,-904,-29981,-29982,-29992,-29993,-29991,-29986,-29986,-29987,-29987,-29988,-29989,-29990,-29990,-29985,-29986,-29986,-29989,-29990,-29990,-29984,-29991,-29992,-29993,-1360]} 1. d4 Nf6 2. c4 e6 3. Nc3 Bb4 4. e3 O-O 5. Bd3 d5 6. Nf3 c5 7. O-O Nc6 8. a3 Bxc3 9. bxc3 b6 10. Bb2 dxc4 {E58: Nimzo-Indian: Rubinstein: Main Line: 7...Nc6 8 a3 Bxc3.} 11. Bxc4 Na5 {[#]} 12. Bb5 $146 ({Predecessor:} 12. Bd3 Qd5 13. Ne5 c4 14. Be2 Bb7 15. f3 Qb5 16. Bc1 Nd5 17. a4 Qb3 18. Ra3 Qxd1 19. Rxd1 {1-0 (53) Hecht,H (2394)-Milicevic,G (2305) Kitchener 2006}) 12... cxd4 {The position is equal.} 13. exd4 Bb7 14. Re1 Rc8 15. Bd3 Nc4 16. Bc1 Nd6 $36 {[%mdl 2048] Black fights for an advantage.} 17. Qe2 ({White should try} 17. Bd2 $15) 17... Rxc3 $17 18. Bb2 Rc8 19. Ng5 {White wants to play d5!} Bd5 20. f3 Nf5 (20... Bc4 $19 21. Rec1 b5) 21. Ba6 Rc7 22. Rac1 Bb7 $2 (22... Ne8 $17 {and life is bright.} 23. Ne4 Bb7) 23. Bxb7 $1 $16 Rxb7 {[#]} 24. Nxe6 $1 {[%mdl 512]} fxe6 25. Qxe6+ {[%mdl 64] Double Attack} Kh8 26. Qxf5 Nd5 27. Qh5 Nf4 28. Qb5 Rd7 29. Re5 (29. Rc2 $16) 29... a6 (29... Rxd4 $11 {keeps the balance.} 30. Rce1 a6) 30. Qxa6 $2 {[%mdl 8192] White does not recover from this.} (30. Qc4 $1 $16 {stays on course.}) 30... Rxd4 $19 {aiming for ...Rd2.} 31. Re4 $2 (31. Bc3 Rd2 32. g3 Rg2+ 33. Kh1) 31... Rxe4 $1 32. fxe4 {[#]} Qd2 $1 {[%csl Gf4][%cal Rd2g2][%mdl 576] Double Attack} 33. Qf1 Ne2+ {[%mdl 64] Double Attack, Discovered Attack} 34. Kh1 Rxf1+ 35. Rxf1 Nf4 {[%csl Gf4][%cal Rd2g2] Black mates.} 36. Bxg7+ Kxg7 {[%csl Gf4][%cal Rd2g2]} 37. Rg1 Nh5 38. h3 Ng3+ {[%mdl 64] Double Attack} 39. Kh2 Qf4 40. Rb1 Nxe4+ 41. Kh1 Nf2+ 42. Kg1 {[#]} Qg3 $1 43. Rxb6 Nxh3+ 44. Kh1 Nf2+ 45. Kg1 Ng4 {[%cal Rg3e1]} 46. Rb1 Qh2+ {Accuracy: White = 48%, Black = 67%.} (46... Qe3+ $142 47. Kh1 {[#]} Qe4 $1 {[%mdl 512]} 48. Rd1 Nf2+ 49. Kh2 Qh4+ 50. Kg1 Nxd1 51. a4 Qg3 $1 {[%mdl 512]} 52. Kh1 Ne3 53. Kg1 Qxg2#) 0-1

[Event "URU-ch Semi Final 2020"]
[Site "Montevideo"]
[Date "2020.02.24"]
[Round "6.9"]
[White "Dotta, Gian Franco"]
[Black "Guerrero, Alvaro"]
[Result "0-1"]
[WhiteElo "2000"]
[BlackElo "2094"]
[Annotator "TA"]
[PlyCount "164"]
[EventDate "2020.02.22"]
[EventType "swiss"]
[EventCountry "URU"]
[SourceTitle "playchess.com"]
[Source "ChessBase"]
[SourceQuality "1"]

{[%evp 16,164,33,31,44,35,43,44,45,39,50,27,28,38,35,23,58,10,27,-22,-42,-32,-18,-40,-11,-22,-28,-28,-33,-33,-31,-23,-41,-113,-116,-143,-137,-187,-168,-159,-149,-159,-160,-178,-170,-165,-165,-210,-193,-240,-190,-287,0,0,0,-195,-194,-297,-131,-141,-111,-88,-97,-134,-154,-152,-151,-164,-183,-186,-69,-50,0,-3,-1,-7,0,-145,0,0,0,0,0,-15,-14,-20,-33,-24,0,-5,0,0,0,0,0,0,0,0,0,0,0,0,0,0,0,0,0,0,0,-61,-53,-53,-53,-61,0,0,0,0,0,0,0,0,0,0,0,0,0,0,0,0,0,0,0,0,0,0,0,0,0,0,0,-251,0,0,0,0,0,-12850,-12850,-12850,-29986]} 1. e4 c6 2. d4 d5 3. exd5 cxd5 4. Bd3 g6 5. c3 Bg7 6. Bf4 Nc6 7. Nf3 Nh6 8. O-O O-O 9. Re1 Re8 {B13: Caro-Kann: Exchange Variation and Panov-Botvinnik Attack.} 10. Nbd2 a6 {[#]} 11. h3 $146 ({Predecessor:} 11. Ne5 f6 12. Nxg6 hxg6 13. Bxg6 Rf8 14. Bxh6 Bxh6 15. Qh5 Kg7 16. Re3 Rh8 17. Rg3 {0-1 (34) Dib,R-Trembach,V (2247) Rodatychi 2006}) 11... f6 {White is slightly better.} 12. Qb3 Nf7 13. Rad1 e5 14. dxe5 $1 fxe5 15. Bg3 b5 16. Bh4 Qd6 17. Ng5 (17. Ne4 $5 dxe4 18. Bxe4 $11) 17... Nxg5 18. Bxg5 Be6 19. Nf3 Qf8 20. Bb1 e4 21. Nd4 Nxd4 22. cxd4 Rac8 $36 {[%mdl 2048] Black is more active.} 23. Qg3 Qb4 24. Be3 ({White should try} 24. Re2 $15) 24... Qxb2 $17 25. Qd6 a5 26. Kh2 Bf8 27. Qb6 Rb8 28. Qc7 Qb4 {Hoping for ...Bd6+.} 29. Bf4 {intending f3.} Rbc8 30. Qb6 Bf7 31. Rc1 Rc4 32. Be5 Re6 33. Qb7 (33. Qd8 $142) 33... Qd2 $2 (33... Bg7 $19 34. Rcd1 Bxe5+ 35. dxe5 Rxe5) 34. Rcd1 $11 Qb4 35. Re3 $2 {[#]} ({Avoid the trap} 35. Qxd5 $2 Rxe5 $1 {[%mdl 512]} 36. Qxc4 bxc4 $19) (35. Rc1 $1 $11 {and White is okay.}) 35... Bd6 $1 $19 {...Rxd4 is the strong threat.} 36. Rb3 (36. Kg1 {was necessary.} Bxe5 37. dxe5) 36... Bxe5+ (36... Rxd4 $19 37. Rxb4 Bxe5+ 38. g3 Rxd1 39. Qc8+ Kg7) 37. dxe5 $17 Qe7 38. Qxd5 Rxe5 39. Qd8+ Qxd8 40. Rxd8+ Kg7 41. Re3 Rb4 42. Re1 Rd5 (42... Rb2 $19 43. a3 Rxf2 44. Bxe4 g5) 43. Ra8 $1 $15 Rd2 {White must now prevent ...e3.} 44. Ra7 Kf6 45. Bxe4 Rxf2 46. Rxa5 (46. a3 $11 Ra4 47. Kg3) 46... Bxa2 (46... Rxa2 $17 47. Rxa2 Bxa2) 47. Ra6+ $11 Kg7 48. Bf3 Ra4 49. Re7+ Kf8 50. Raa7 Rxa7 51. Rxa7 {[%mdl 4096] Endgame KRB-KRB} Bf7 52. Kg3 Rc2 53. Rb7 Rc5 54. Kf4 h6 55. Ke3 h5 56. Kd4 Rg5 57. h4 Rf5 58. Be4 Rf4 59. Rxb5 Rxh4 60. Ke5 Rg4 {And now ...Rg5+ would win.} 61. Rb8+ Kg7 62. Bf3 (62. Rb7 $11) 62... Rg5+ 63. Kf4 Rf5+ 64. Kg3 g5 ({Better is} 64... Kf6 $15) 65. Rb7 Kf6 66. Rb6+ Kg7 67. Rb7 g4 68. Be4 Re5 69. Kf4 Rc5 70. Ra7 Kf6 71. Ra6+ Be6 72. Rb6 Rc4 73. Ke3 {Strongly threatening Bd5.} Rc5 74. Kf4 h4 75. Rb8 Rh5 76. Rb2 Ra5 77. Rc2 Ra4 {Threatens to win with ...Bd5.} 78. Rd2 $2 {[%mdl 8192] [#]} (78. Rc5 $11 {and White stays safe.}) 78... Bc8 $2 (78... Bf5 $1 $19 {[%csl Gf5][%cal Ra4e4]} 79. Rd6+ Ke7) 79. Rb2 h3 80. gxh3 gxh3 81. Rh2 $2 {[%mdl 8192]} (81. Rb5 $11) 81... Bf5 $1 $19 82. Kf3 Bxe4+ {Accuracy: White = 72%, Black = 79%.} 0-1

[Event "URU-ch Semi Final 2020"]
[Site "Montevideo"]
[Date "2020.02.24"]
[Round "6.10"]
[White "Lanzilotta, Marcelo"]
[Black "Durante, Aurelio"]
[Result "1-0"]
[WhiteElo "2003"]
[BlackElo "1955"]
[Annotator "TA"]
[PlyCount "87"]
[EventDate "2020.02.22"]
[EventType "swiss"]
[EventCountry "URU"]
[SourceTitle "playchess.com"]
[Source "ChessBase"]
[SourceQuality "1"]

{[%evp 17,87,4,16,0,6,-4,43,0,19,0,0,0,4,-34,-16,-28,-24,-35,-29,-36,-30,-51,-43,-43,-20,-45,-18,-31,-26,-25,-4,-50,-46,-95,-81,-82,-82,-97,-110,-164,-150,-200,-198,-246,-239,-237,-239,-227,-226,-265,-66,-141,-131,-254,0,0,-2,-3,0,0,647,-7,-12,-54,0,0,29991,29992,29999,29986,29995,11468]} 1. e4 c5 2. c3 Nc6 3. d4 cxd4 4. cxd4 d5 5. exd5 Qxd5 6. Nf3 Bg4 7. Be2 e6 8. Nc3 Bb4 9. O-O Qa5 10. h3 {B22: Sicilian: 2 c3.} Bh5 11. Ne4 Qd5 12. Nc3 {White is slightly better.} (12. a3 {keeps more tension.} Ba5 13. Nc3 Bxc3 14. bxc3 Nf6 15. c4) 12... Qa5 $1 13. Bd2 Nf6 14. a3 Bxc3 15. Bxc3 Qd5 16. Qa4 O-O {[#]} 17. Rad1 $146 ({Predecessor:} 17. Bc4 Qd7 18. Be2 Rfd8 19. Rad1 Nd5 20. Rfe1 Nf4 21. Qc2 Qd5 22. Kh2 Nxe2 23. Qxe2 Bxf3 24. Qxf3 Qxf3 25. gxf3 {0-1 (36) Schoen,S-Jerosch,G Bad Wiessee 1997}) 17... Rfd8 18. Rfe1 a6 19. Qc2 Rac8 20. Qd2 Ne4 21. Qf4 Nxc3 22. bxc3 Bxf3 23. Bxf3 Qb3 24. Re3 (24. d5 $5 exd5 25. Qf5 $11) 24... Ne7 {aiming for ...Nd5.} 25. Rde1 Nd5 26. Bxd5 Rxd5 27. Qg4 {With the idea Rxe6!} h5 28. Qf3 (28. Qd1 $17 {was necessary.} Qxd1 29. Rxd1) 28... Rf5 $19 29. Qg3 Qxa3 30. c4 Qb4 31. d5 h4 $1 {[%cal Rh4g3]} (31... Qxc4 32. dxe6 Qf4 33. Qxf4 $11) ({Stronger than} 31... exd5 32. Re8+ Rxe8 33. Rxe8+ Kh7 34. Qd3 $1 $11 {[%mdl 512]}) 32. Qxh4 {[#]} Rxd5 $1 {[%mdl 576] Pin} 33. Re4 {[#]} (33. cxd5 Qxh4) 33... Rdc5 $2 (33... Rxc4 $1 $19 {[%mdl 512]} 34. Rxc4 Qxe1+ 35. Kh2 Qe5+ 36. Qg3 Qxg3+ 37. Kxg3 b5 38. Rc8+ Kh7) 34. Qe7 (34. Rd1 $15 Rf8 35. Qe7) 34... a5 $17 35. Rd1 (35. Kf1 $17) 35... Qb6 $2 (35... Rd5 $1 $19 {[%cal Rd5d1]} 36. Qxb4 Rxd1+ 37. Re1 axb4 38. Rxd1 Rxc4) 36. Rd7 $11 Rf5 {Hoping for ...Qb1+.} 37. Red4 $1 Rf6 38. Kh2 Rf8 $2 {[%mdl 8192]} (38... a4 $11) 39. Rg4 $2 ({Better is} 39. R7d6 $18 Qxd6+ 40. Rxd6) 39... Qxf2 {Black wants to play ...Qf5.} 40. Rxb7 Qf5 (40... Rc8 $15) 41. Rb5 $40 {[%mdl 128] Black needs to defend precisely.} Qc2 $2 {[%mdl 8192]} (41... Qf2 $11) 42. Qxf6 {[%csl Gg4][%cal Rf6g7] White mates.} Qf5 43. Qe7 Qf2 {[#]} 44. Rh5 {Accuracy: White = 61%, Black = 70%.} (44. Rxg7+ $142 $1 {[%mdl 512]} Kxg7 45. Qg5+ Kh7 46. Qh5+ Kg7 47. Qg4+ Kh8 48. Rh5#) 1-0

[Event "URU-ch Semi Final 2020"]
[Site "Montevideo"]
[Date "2020.02.24"]
[Round "6.11"]
[White "Zaruski, Julio"]
[Black "Muniz, Rafael"]
[Result "0-1"]
[WhiteElo "1822"]
[BlackElo "2232"]
[Annotator "TA"]
[PlyCount "156"]
[EventDate "2020.02.22"]
[EventType "swiss"]
[EventCountry "URU"]
[SourceTitle "playchess.com"]
[Source "ChessBase"]
[SourceQuality "1"]

{[%evp 10,156,70,44,68,48,64,-9,-8,0,14,19,12,9,12,10,28,0,0,-38,-11,-11,-11,-11,-5,-5,0,-17,-11,-21,-20,-16,-16,-115,-106,-115,-114,-158,-151,-148,-143,-256,-257,-258,-259,-277,-270,-311,-313,-310,-295,-314,0,-397,-389,-394,-343,-310,-185,-179,-166,-346,-194,-414,-115,-104,0,0,0,0,0,0,0,0,0,0,0,0,0,0,0,0,0,0,0,0,0,0,0,0,0,0,0,0,0,0,0,0,0,0,0,0,0,0,0,0,0,0,0,0,0,0,0,0,0,0,0,0,0,0,0,0,0,0,0,-12841,-12842,-12844,-12844,-12845,-12843,-12845,-12846,-12846,-12845,-12845,-12845,-12846,-12847,-12847,-12847,-12848,-12847,-12848,-12847,-12847,-12847,-12848,-12848]} 1. d4 Nf6 2. c4 e6 3. Nf3 c5 4. e3 b6 5. Nc3 d6 6. Be2 Be7 {E14: Queen's Indian: Classical Variation (4 e3).} 7. O-O O-O 8. Bd2 ({Better is} 8. d5 $14) 8... Bb7 {[#] The position is equal.} 9. b3 $146 ({Predecessor:} 9. Rc1 Nbd7 10. Qc2 a6 11. a3 Rc8 12. b3 cxd4 13. Nxd4 Nc5 14. Bf3 d5 15. cxd5 Nxd5 {0-1 (71) Volkmann,A (1675)-De Borba,G (1838) Florianopolis 2015}) 9... Nbd7 10. a4 Ne4 11. Nxe4 Bxe4 12. Bc3 Bf6 13. Rc1 Rc8 14. dxc5 dxc5 15. Bxf6 Nxf6 16. a5 Qc7 17. axb6 axb6 18. Ra1 Rcd8 19. Qc1 Ng4 $36 {[%mdl 2048] Black fights for an advantage.} 20. g3 Bb7 21. e4 (21. Ra7 $11 {remains equal.}) 21... Bxe4 $17 22. Ng5 Bf5 23. f4 h6 24. Nf3 Bd3 25. Bxd3 (25. Ra2 $17 {was called for.}) 25... Rxd3 $19 26. Qc2 Rfd8 {...Ne3 is the strong threat.} 27. Ra8 Qd6 ({Resist} 27... Rxa8 28. Qxd3 Rd8 29. Qe2 $17) 28. Rxd8+ Qxd8 29. Qe2 {White hopes to continue with Ne1.} Re3 ({Much less strong is} 29... Rxb3 30. Rd1 $19) 30. Qa2 Rd3 $2 ({Black should try} 30... Qd3 $19 31. Ne5 Nxe5 32. fxe5 Qxb3 33. Qxb3 Rxb3) 31. h3 $2 {[%mdl 8192]} (31. Qe2 $1 $11 {and White is okay.}) 31... Ne3 32. Rf2 Nf5 33. Kg2 Nd4 (33... Re3 $142 34. Qd2 Qxd2 35. Rxd2 Rxb3) 34. Ne5 Rxb3 35. Rd2 $2 (35. Qa7) 35... Re3 (35... Rc3 $142 36. Qa7 Kh7 37. Qxf7 Qa8+ 38. Kh2 Nf3+ 39. Nxf3 Qxf3) 36. Qa7 $2 {[#]} (36. Kf2 {was forced.} Rxe5 37. fxe5) 36... Rxe5 $2 (36... Kh7 $1 $19 37. Qa2 Qb8 38. Qb1+ Kg8) 37. fxe5 {[%mdl 4096] Endgame [#] KQR-KQN} Qg5 (37... Qc8 $1 $17 {[%cal Rc8c6] Strongly threatening ...Qc6+.} 38. Ra2 Qc6+ 39. Kg1 Kh7) 38. Qa8+ $11 {[#]} Kh7 $1 39. Qe4+ Nf5 40. Rd3 Qg6 41. Rf3 Nd4 42. Qxg6+ Kxg6 {KR-KN} 43. Rf2 Nc6 44. Rb2 Nxe5 45. Rxb6 Nxc4 46. Rc6 Ne5 47. Rxc5 Kf6 48. g4 g5 49. Kg3 Ng6 50. Ra5 Ne7 51. Ra7 Ng6 52. Ra5 Nh4 53. Rb5 Kg6 54. Rb6 h5 55. Rb8 hxg4 56. hxg4 f5 57. Rg8+ Kf6 58. Kh3 f4 59. Rh8 e5 60. Re8 Ng6 {aiming for ...Nh4.} (60... e4 {feels hotter.} 61. Rxe4 Ng6 62. Ra4 Ne5 63. Ra6+ Ke7) 61. Kg2 Kf7 62. Ra8 e4 {White must now prevent ...Ne5.} 63. Ra4 e3 64. Ra7+ $1 Ne7 (64... Ke6 $5 65. Ra6+ $8 Kf7 66. Ra7+ Kf6 67. Ra6+ Kf7 68. Ra7+ $11) 65. Kf3 Ke6 {Threatens to win with ...Nc6.} 66. Ra6+ Ke5 67. Ra7 $2 {[%mdl 8192]} (67. Ra5+ $11 Nd5 68. Ra4) 67... Nc6 $19 {Black is clearly winning.} 68. Ra1 Nd4+ 69. Kg2 Ke4 70. Ra5 f3+ 71. Kg3 Ne2+ 72. Kh3 f2 73. Ra4+ Kf3 74. Ra1 Nf4+ 75. Kh2 e2 {( -> ...Ng2)} 76. Ra3+ Ke4 77. Ra4+ Kd3 78. Ra3+ Kc4 {Accuracy: White = 75%, Black = 81%.} 0-1

[Event "URU-ch Semi Final 2020"]
[Site "Montevideo"]
[Date "2020.02.24"]
[Round "6.12"]
[White "Izquierdo, Sebastian"]
[Black "Garcia, Matias"]
[Result "1-0"]
[WhiteElo "1950"]
[BlackElo "1810"]
[Annotator "TA"]
[PlyCount "71"]
[EventDate "2020.02.22"]
[EventType "swiss"]
[EventCountry "URU"]
[SourceTitle "playchess.com"]
[Source "ChessBase"]
[SourceQuality "1"]

{[%evp 12,71,26,8,16,9,37,21,33,27,47,38,58,51,53,52,81,52,101,85,123,108,123,95,133,118,156,156,166,104,116,108,123,67,57,12,395,393,404,399,403,396,401,397,395,361,438,427,428,181,418,395,545,533,665,566,536,560,530,494,1389,806]} 1. d4 Nf6 2. Nf3 e6 3. g3 b6 4. Bg2 Bb7 5. O-O c5 6. c4 cxd4 7. Qxd4 Nc6 {A30: Symmetrical English: Double Fianchetto and Hedgehog.} 8. Qd1 Be7 9. Nc3 O-O {The position is equal.} 10. b3 d6 11. Bb2 {[#]} Qd7 $146 ({Predecessor:} 11... a6 12. e3 Ra7 13. Qe2 Qa8 14. Rfd1 Ne5 15. Nxe5 Bxg2 16. f3 Bh3 17. Nd3 Bf5 {½-½ (35) Pellicer Cemeli,J (1967)-Lafarga Santorroman,D (2200) Aragon 2017}) 12. e4 Rfd8 13. Qe2 Qe8 14. Rad1 Rd7 15. Rd2 Rad8 16. Rfd1 h6 17. Nb5 Ng4 18. Ne1 Nge5 19. f4 Ng6 20. h4 (20. Nc2 $18) 20... d5 $16 21. exd5 exd5 22. cxd5 (22. Kh2 $16) 22... Bc5+ $1 $14 23. Kf1 Re7 $2 {[%mdl 8192] Black cannot hold the game after this.} (23... Qxe2+ $11 {and Black is okay.} 24. Kxe2 (24. Rxe2 Nge7 $15) 24... Nb4) 24. dxc6 $18 {[%mdl 64] [#] Discovered Attack} Rxd2 25. Qxd2 ({Worse is} 25. Rxd2 Bxc6 26. Bxc6 Qxc6 $17) 25... Bxc6 26. Nd4 Bxg2+ 27. Qxg2 ({Resist} 27. Kxg2 Qd7 $18) 27... Qc8 28. Ne2 Qg4 29. Rd8+ Kh7 {and the idea ...Nxh4 leaves Black hopeful.} 30. Rd3 (30. Bd4 $142) 30... Nf8 $2 {[#]} (30... Nxh4 31. gxh4 Rxe2 32. Qxg4 Rf2+ 33. Kg1 Rxf4+ 34. Kh2 Rxg4) 31. Bd4 Bb4 32. Nc2 {White is clearly winning.} Bd6 33. Ne3 Qc8 34. Qd5 Qh3+ 35. Kf2 Bxf4 (35... Qh2+ $142 36. Qg2 Qxg2+ 37. Kxg2 Bb4) 36. Qf5+ {Accuracy: White = 67%, Black = 44%.} 1-0

[Event "URU-ch Semi Final 2020"]
[Site "Montevideo"]
[Date "2020.02.24"]
[Round "6.13"]
[White "Campora, Edgardo"]
[Black "Palacio, Enzo"]
[Result "0-1"]
[WhiteElo "1676"]
[BlackElo "1869"]
[Annotator "NA RC"]
[PlyCount "68"]
[EventDate "2020.02.22"]
[EventType "swiss"]
[EventCountry "URU"]
[SourceTitle "playchess.com"]
[Source "ChessBase"]
[SourceQuality "1"]
[TimeControl "5400+30"]

{[%evp 14,67,12,-10,0,-1,18,6,14,2,7,0,2,0,25,-3,37,0,10,0,-4,-26,-11,-16,7,-19,-11,0,20,20,18,34,22,8,60,38,50,-111,-125,-105,-97,-103,-81,-129,-104,-91,-93,-5318,-29973,-6231,-29974,-29987,-29989,-29997,-29998,-29998]} 1. e4 c5 {[%emt 0:03:23]} 2. Nf3 {[%emt 0:00:00]} Nc6 {[%emt 0:00:26]} 3. d4 {[%emt 0:00:00]} cxd4 {[%emt 0:00:02]} 4. Nxd4 {[%emt 0:00:00]} g6 {[%emt 0:00:03]} 5. Nc3 {[%emt 0:01:10]} Bg7 {[%emt 0:00:05]} 6. Be3 {[%emt 0:00:12]} Nf6 {[%emt 0:00:02]} 7. Be2 {[%emt 0:05:51]} O-O {[%emt 0:03:18]} 8. O-O {[%emt 0:07:56]} d5 {[%emt 0:00:36]} 9. exd5 {[%emt 0:06:22]} Nxd5 {[%emt 0:00:03]} 10. Nxd5 {[%emt 0:00:13]} Qxd5 {[%emt 0:00:03] 10...Nxd4 is not played anymore.} 11. Bf3 {[%emt 0:01:09]} Qc4 {[%emt 0:08:35]} 12. Nxc6 {[%emt 0:02:35] B34: Sicilian: Accelerated Dragon with 5 Nc3: sidelines.} bxc6 {[%emt 0:00:04]} 13. b3 {[%emt 0:09:34]} Qc3 {[%emt 0:04:15]} 14. Rc1 {[%emt 0:10:35]} Bf5 {[%emt 0:18:53] [#]} 15. Bd2 $146 {[%emt 0:03:27]} ({Predecessor:} 15. Qe2 Rfd8 16. Rfd1 e5 17. g3 h5 18. g4 hxg4 19. Bxg4 Rxd1+ 20. Qxd1 Be4 21. Bf3 Bxf3 22. Qxf3 {½-½ (29) Didi,J (2065)-Dungl,M (2016) Czechia 2012}) 15... Qb2 {[%emt 0:04:45]} 16. g4 {[%emt 0:25:15]} Be6 {[%emt 0:04:41]} 17. Bb4 {[%emt 0:06:10]} Qf6 {[%emt 0:08:49]} 18. c4 {[%emt 0:09:40]} Qh4 {[%emt 0:07:26]} (18... Rfd8 $5 19. Qe2 $8 Rac8 $14) 19. Kg2 {[%emt 0:00:56]} Rad8 {[%emt 0:10:54]} 20. Qe2 {[%emt 0:00:17]} Rd4 {[%emt 0:01:15]} 21. h3 {[%emt 0:00:56]} h5 {[%emt 0:00:08]} 22. Rh1 {[%emt 0:00:53]} Rfd8 {[%emt 0:06:40]} 23. Rcd1 {[%emt 0:00:51]} Qg5 {[%emt 0:05:07]} 24. Rxd4 {[%emt 0:02:55]} ({But not} 24. Bxc6 hxg4 25. h4 Qf4 $17) 24... Rxd4 {[%emt 0:00:48]} 25. Rd1 {[%emt 0:00:23]} ({Much worse is} 25. Bxc6 hxg4 26. h4 Qf4 $17) (25. Qe3 $14 {keeps the upper hand.} Qxe3 26. fxe3) 25... hxg4 {[%emt 0:00:37]} 26. hxg4 {[%emt 0:01:06]} Bxg4 {[%emt 0:03:42]} 27. Rxd4 {[%emt 0:01:30]} Bxf3+ {[%emt 0:00:06]} 28. Kxf3 {[%emt 0:00:15]} Bxd4 {[%emt 0:00:06]} 29. Qxe7 {[%emt 0:03:43]} Qf5+ {[%emt 0:00:39]} 30. Kg3 $2 {[%emt 0:00:04]} (30. Ke2 $17 c5 31. Bd2) 30... Qxf2+ {[%emt 0:00:30] Double Attack} 31. Kh3 {[%emt 0:00:16]} Qf1+ {[%emt 0:01:27]} 32. Kg3 {[%emt 0:00:47]} Bf2+ {[%emt 0:00:48]} 33. Kg4 {[%emt 0:00:27]} Qg2+ {[%emt 0:00:54]} 34. Kf4 {[%emt 0:00:02]} Qg3+ {[%emt 0:00:46] Ke5} 0-1